| 000 | 00396nam a2200145Ia 4500 | ||
|---|---|---|---|
| 008 | 230711s9999||||xx |||||||||||||| ||und|| | ||
| 041 | _aENG | ||
| 082 |
_a620 _bGK-G |
||
| 100 | _aGK Publications | ||
| 245 | 0 | _aGate 2014 graduate aptitude test in english Mechanical Engineering | |
| 250 | _a1st Ed. | ||
| 260 |
_c2014 _aRoorkee _bGK Publications |
||
| 650 | _aMechanical Engineering | ||
| 942 | _cBK | ||
| 999 |
_c1610 _d1610 |
||